00734pam a2200241 a 4500008004100000020002200041245009300063260003500156300003500191440003900226500002000265504004100285650002000326650002700346650001900373650001600392700001800408700001800426700002100444003000100465005001700466040000900483  a0824776798 (hbk.)00aBiosurfactants and biotechnology /cedited by Naim Kosaric, W.L. Cairns, Neil C.C. Gray. aNew York :bM. Dekker,cc1987. aviii, 342 p. :bill. ;c24 cm. 0aSurfactant science series ;vv. 25 aIncludes index. aIncludes bibliographical references. 0aBiosurfactants. 0aMicrobial surfactants. 0aBiotechnology. 0aOil spills.1 aCairns, W. L. aKosaric, Naim1 aGray, Neil C. C.20230123133147.0 cNUST